Water and wastewater technology

Saved in:
Bibliographic Details
Main Author: Mark J. Hammer
Format: Book
Language:Undetermined
Published: Upper Saddle River, NJ Prentice-Hall 2001
Subjects:
Tags: Add Tag
No Tags, Be the first to tag this record!
Institutions: Trung tâm Học liệu Trường Đại học Cần Thơ
LEADER 00548nam a2200193Ia 4500
001 CTU_57376
008 210402s9999 xx 000 0 und d
020 |b 1520000 
082 |a 628.1 
082 |b H214 
100 |a Mark J. Hammer 
245 0 |a Water and wastewater technology 
245 0 |c Mark J. Hammer and Mark J. Hammer 
260 |a Upper Saddle River, NJ 
260 |b Prentice-Hall 
260 |c 2001 
650 |a water supply engineering,sewage disposal 
904 |i Minh 
980 |a Trung tâm Học liệu Trường Đại học Cần Thơ